Statistics for Land etter bilde #6

Click here to take the quiz!

General Stats

  • This quiz has been taken 51 times
  • The average score is 5 of 14

Answer Stats

Answer% Correct
Storbritannia
74%
Sør-Afrika
65%
Italia
62%
Nord-Korea / Sør-Korea
62%
Tanzania
50%
Afghanistan
47%
Nicaragua
35%
Israel / Palestina / Jordan
32%
Irak
29%
Kina
26%
Østerrike
9%
Russland
9%
Spania
9%
Namibia
6%

Score Distribution

Percentile by Number Answered

Percent of People with Each Score

Your Score History

You have not taken this quiz